El Diputado don Juan Sedó Peris-Mencheta, recibido en la Academia de Bellas Artes de San Jorge
Colección:
San Jorge,
; núm. 9 (gener 1953), pàg 83
MARC
| LEADER | 00000nam a2200000Ia 4500 | ||
|---|---|---|---|
| 008 | 160829s9999 xx 000 0 cat d | ||
| 245 | |a El Diputado don Juan Sedó Peris-Mencheta, recibido en la Academia de Bellas Artes de San Jorge | ||
| 490 | |a San Jorge, |v núm. 9 (gener 1953), pàg 83 | ||
| 590 | |a El nom actual de l'acadèmia és: Reial Acadèmia Catalana de Belles Arts de Sant Jordi | ||
| 600 | 1 | 0 | |9 23966 |a Sedó i Peris-Mencheta, Joan, |d 1908-1966 |
| 650 | |a Reial Acadèmia Catalana de Belles Arts de Sant Jordi | ||
| 773 | |g Núm. 9 (gener 1953), pàg 83 |t San Jorge. | ||
| 901 | |a Arxiu | ||
| 942 | |n 1 |2 udc |c ART | ||
| 952 | |0 0 |1 0 |4 0 |6 REV508 |7 1 |9 64351 |a Arxiu |b Arxiu |d 2022-11-24 |o Rev-508 |r 2022-11-24 00:00:00 |w 2022-11-24 |y ARXIU |z També disponible a Rev-522 | ||
| 999 | |c 44089 |d 44089 | ||